[Event "Interzonal-16"]
[Site "Biel"]
[Date "1993.??.??"]
[Round "4"]
[White "Agdestein, Simen"]
[Black "Xu, Jun"]
[Result "1/2-1/2"]
[WhiteElo "2610"]
[BlackElo "2535"]
[Annotator "Ribli,Z"]
[PlyCount "75"]
[EventDate "1993.07.16"]
[EventType "swiss"]
[EventRounds "13"]
[EventCountry "SUI"]
[SourceTitle "CBM 037"]
[Source "ChessBase"]
[SourceDate "1993.12.01"]
[SourceVersion "1"]
[SourceVersionDate "1993.12.01"]
[SourceQuality "1"]

1. c4 e5 2. Nc3 Nc6 3. Nf3 Nf6 4. e3 Be7 5. a3 O-O (5... a5 6. Qc2 O-O 7. b3
Re8 8. Bb2 Bf8 9. Nd5 $6 (9. d3 $5) 9... d6 10. Bd3 g6 $13 {Hort,V-Baburin,A/
Biel op/1992/EXP31/}) 6. b4 (6. Qc2 $5) 6... d5 7. b5 (7. cxd5 $5 Nxd5 8. Bb2
Be6 9. Qc2) 7... e4 (7... d4 8. bxc6 dxc3 9. Nxe5 $16) (7... Na5 8. Nxe5 Bd6 9.
d4 $16) 8. cxd5 (8. bxc6 $5 exf3 9. cxb7 fxg2 10. Bxg2 Bxb7 11. Rb1 Ba6 $1 (
11... Rb8 $2 12. cxd5) (11... Bc6 $2 12. Qf3) 12. cxd5 (12. Nxd5 Bxc4) 12...
Bd3 13. Ra1 (13. Rb3 Bc4) 13... Bd6 $44) 8... Na5 (8... Nxd5 9. bxc6 Nxc3 10.
dxc3 Qxd1+ 11. Kxd1 exf3 12. gxf3 bxc6 13. Bd3 $13) (8... exf3 9. dxc6 $16) 9.
Ng5 (9. Qa4 exf3 10. Qxa5 Nxd5 11. gxf3 b6 12. Qa4 Nxc3 13. dxc3 Bf6 14. Bb2
Bb7 $44) 9... Bf5 10. Qa4 b6 11. Bb2 (11. Ngxe4 Nxe4 12. Nxe4 Qxd5 $44 (12...
Qxd5 13. Nc3 Qb3 14. Qf4 (14. Ra2 $5) 14... Bc2 $44)) 11... Re8 12. Be2 (12.
Ngxe4 Nxe4 13. Nxe4 Bxe4 14. Qxe4 Bxa3 15. Qd4 Bxb2 16. Qxb2 Qxd5 $15) 12...
Bd6 (12... Bf8 13. g4 $1 Bg6 14. h4 h6 15. h5 hxg5 (15... Bxh5 16. Ngxe4 $1)
16. hxg6 fxg6 17. d3 $18) (12... h6 13. Ngxe4 Nxe4 14. Nxe4 Bxe4 15. Qxe4 Bxa3
16. Qc2 $16) 13. f4 (13. g4 $5 Bg6 14. h4 h6 15. h5 hxg5 16. hxg6 fxg6 17. d3
Be5 $1 18. d4 (18. dxe4 Nxe4 $1) 18... Bd6 $13) 13... exf3 (13... h6 $2 14. Nh3
) 14. Nxf3 Ne4 (14... Bc5 $5) 15. Nxe4 (15. O-O Nc5 16. Qd1 Nd3 $44) 15... Bxe4
16. O-O Bc5 $13 (16... Bxd5 17. Qg4) 17. Bd4 Qxd5 (17... Bxf3 $6 18. Bxf3 Bxd4
19. exd4 $14) 18. Bxc5 Qxc5 19. Rac1 Qe7 20. Nd4 Rad8 21. Rf2 (21. d3 $2 Bxd3
22. Bxd3 Qxe3+ $19) (21. Qb4 $1 {/\} Rd6 22. Qc3) 21... g6 22. Qb4 Rd6 23. Qc3
(23. Bf3 $142) 23... c5 24. bxc6 Bxc6 (24... Nxc6 $2 25. Nb5 $16 (25. Bb5 Rc8
26. d3 Bd5 27. e4 $18)) 25. Rcf1 Rf8 26. Bf3 Bxf3 27. Rxf3 Qd7 28. Rc1 Nb7 29.
Nc6 Nc5 30. Ne5 Qe6 31. d4 Nd7 32. Nd3 Nf6 33. Qc7 Ne4 34. h4 (34. Qxa7 Qb3 $5
(34... Ng5)) 34... Nd2 35. Rh3 Ne4 36. Rf3 Nd2 37. Rh3 Ne4 38. Rf3 (38. Qxa7 $2
Qb3 $1) 1/2-1/2

[Event "Brno"]
[Site "Brno"]
[Date "1993.??.??"]
[Round "8"]
[White "Chernin, Alexander"]
[Black "Polgar, Zsuzsa"]
[Result "1-0"]
[WhiteElo "2615"]
[BlackElo "2545"]
[Annotator "Ribli,Z"]
[PlyCount "53"]
[EventDate "1993.08.??"]
[EventType "tourn"]
[EventRounds "9"]
[EventCountry "CZE"]
[EventCategory "13"]
[SourceTitle "CBM 037"]
[Source "ChessBase"]
[SourceDate "1993.12.01"]
[SourceVersion "1"]
[SourceVersionDate "1993.12.01"]
[SourceQuality "1"]

1. c4 e5 2. Nc3 Nf6 3. Nf3 Nc6 4. a3 d5 (4... e4 $5 5. Ng5 Qe7 6. d3 (6. Qc2
Nd4 $13) 6... exd3 7. Qxd3 Ne5 $13 {Kortschnoj,V-Ivanchuk,V/Roquebrune 30'/
1992/CBM28/}) (4... g6 $5) 5. cxd5 Nxd5 6. Qc2 Be7 (6... Nxc3 7. bxc3 Bd6 8. g3
$14 {Vaganian,R-Chernin,A/URS/1988/INF46,27/}) 7. e3 a6 (7... O-O 8. Nxd5 (8.
Bb5 $5) 8... Qxd5 9. Bc4 Qd6 10. b4 Bf6 11. Rb1 g6 12. d3 Bf5 13. Nd2 Bg7 14.
Ne4 Qe7 15. O-O $14 {Smyslov,V-Kapengut/URS/1979/INF28,38/}) 8. Nxd5 Qxd5 9.
Bd3 $5 Bd7 10. b4 Qe6 11. Bb2 Bd6 (11... O-O-O $5) 12. Ng5 $1 Qg4 13. h4 Qxg2
14. O-O-O $44 Qg4 (14... Qd5 15. Bc4 $18) 15. Rdg1 Qh5 16. Bc4 O-O (16... Nd8
17. f4 $36) 17. f4 Kh8 $6 (17... Rae8 $5 $16) 18. Bd5 Rae8 19. Nxf7+ $1 Rxf7
20. Rg5 $18 Rf5 21. Rxh5 Rxh5 22. Bf7 Rh6 23. Bxe8 Bxe8 24. Qf5 Rf6 25. Qc8 Rf8
26. Rg1 Bf7 27. Qxb7 1-0

[Event "Antwerp"]
[Site "Antwerp"]
[Date "1993.??.??"]
[Round "4"]
[White "Hansen, Curt"]
[Black "Gurevich, Mikhail"]
[Result "1/2-1/2"]
[WhiteElo "2590"]
[BlackElo "2605"]
[Annotator "Ribli,Z"]
[PlyCount "89"]
[EventDate "1993.08.??"]
[EventType "tourn"]
[EventRounds "9"]
[EventCountry "BEL"]
[EventCategory "13"]
[SourceTitle "CBM 037"]
[Source "ChessBase"]
[SourceDate "1993.12.01"]
[SourceVersion "1"]
[SourceVersionDate "1993.12.01"]
[SourceQuality "1"]

1. c4 Nf6 2. Nc3 e5 3. Nf3 Nc6 4. e3 Bb4 5. Qc2 O-O 6. Nd5 Re8 (6... h6 $6 $14
{King,D-Bareev,E/Hastings/1990/CBM22/INF51,35/}) 7. Qf5 d6 (7... Nxd5 $2 8.
cxd5 d6 9. Qe4 $16 {Rayner,F-Clarke,T/Dublin zt/1993/}) 8. Nxf6+ Qxf6 (8...
gxf6 $5 $13 {Kortschnoj,V-Karpov,An/Amterdam/1987/CBM03/INF43(23)/}) 9. Qxf6
gxf6 10. a3 Bc5 11. b4 Bb6 12. Bb2 a5 13. b5 Ne7 14. a4 (14. Be2 $5 d5 $6 (
14... a4 $5) 15. d4 $14 {Adgestein,S-Timman,J/Brussels SWIFT 25'/1992/EXP29/})
14... Bc5 $1 15. Be2 c6 16. O-O Bb4 17. d4 Be6 18. Rfc1 Rec8 19. Ba3 Bxa3 20.
Rxa3 c5 $1 21. d5 Bg4 22. Ra2 Bxf3 $5 $10 23. Bxf3 Kg7 24. Be4 f5 25. Bb1 Kf6
26. f4 exf4 27. exf4 Ng6 28. g3 Re8 29. Kf2 h5 30. h4 Nf8 31. Re2 Nd7 32. Rxe8
Rxe8 33. Bd3 Kg6 34. Rc2 Nb6 35. Ra2 Re7 36. Ra1 Kf6 37. Kf3 Kg6 38. Kf2 Re8
39. Ra2 Nd7 40. Rb2 Re7 41. Rd2 Re8 42. Rb2 Nf6 43. Re2 Rxe2+ 44. Kxe2 Ne4 45.
Ke3 (45. Ke3 Nxg3 46. Kf3 Ne4 47. Bxe4 fxe4+ 48. Kxe4 Kf6 49. f5 Kg7 50. Kf4 f6
$10) 1/2-1/2

[Event "USA-ch"]
[Site "Parsippany"]
[Date "1996.??.??"]
[Round "3"]
[White "Christiansen, Larry Mark"]
[Black "Dzindzichashvili, Roman"]
[Result "1-0"]
[WhiteElo "2555"]
[BlackElo "2545"]
[Annotator "Ribli,Z"]
[PlyCount "39"]
[EventDate "1996.07.13"]
[EventType "tourn"]
[EventRounds "13"]
[EventCountry "USA"]
[EventCategory "12"]
[SourceTitle "CBM 055"]
[Source "ChessBase"]
[SourceDate "1996.12.01"]
[SourceVersion "1"]
[SourceVersionDate "1996.12.01"]
[SourceQuality "1"]

1. c4 e5 2. Nc3 Nf6 3. Nf3 Nc6 4. d4 {Ribli.Das ist natuerlich eine spielbare
Variante, aber ich denke, dass 4.g3 und auch 4.e3 die besseren Zuege sind.}
exd4 5. Nxd4 Bb4 $1 {Ribli.Unzweifelbar die beste Moeglichkeit fuer Schwarz.}
6. Bg5 h6 7. Bh4 Bxc3+ (7... Ne5 $6 8. Qb3 Bxc3+ 9. Qxc3 O-O 10. Nb5 $1 d6 11.
Bxf6 Qxf6 12. Nxc7 Rb8 13. e3 Bf5 14. Nd5 $16 {Smirin,I-Hertneck,G/Vienna op/
1996/EXP53/}) 8. bxc3 d6 $6 (8... Ne5 9. f4 Ng6 10. Bxf6 Qxf6 11. g3 Nf8 12.
Bg2 Ne6 13. O-O O-O 14. Qd2 d6 $10 {Vaganian,R-Tukmakov,V/Rostov/1993/CBM36/})
(8... O-O $5 9. Nxc6 dxc6 10. Qd4 Qe7 11. Bxf6 gxf6 12. Qf4 Qe5 13. Qg3+ Kh7
$10 {Nielsen,PH-Yakovich,Y/Gistrup/1996/CBM55/}) 9. Nxc6 bxc6 10. e3 (10. c5
Qe7 11. e3 Qe5 12. Qd4 Ne4 13. cxd6 cxd6 14. Rc1 Be6 15. Bd3 Nc5 16. Bb1 Kd7 $1
$13 {Smirin,I-Tiviakov,S/Rostov/1993/CBM36/}) 10... g5 (10... Qe7 $5) 11. Bg3
h5 $2 {Ribli. Das gefaellt mir nicht. Nach diesem Zug hat Schwarz nur
Schwaechen in seiner Stellung.} 12. h4 $16 g4 13. Bd3 Qe7 14. Qa4 O-O (14...
Bd7 15. c5) 15. c5 Re8 (15... dxc5 16. Qxc6 $18) 16. Qxc6 Bd7 17. Qxc7 $18 {
Ribli.Weiss spielt einfach, er nimmt die schwarzen Bauern an.} Nd5 (17... dxc5
18. Bd6 Qe6 19. Qxc5) 18. Qxd6 Nxe3 {Ribli.In total verlorener Stellung
versucht Schwarz im Trueben zu fischen.} 19. Qxe7 Rxe7 20. Kd2 {Ribli.Schwarz
gab auf. Nach 20...Ng2 kommt 21.Bd6 Re6 22.Rag1 Bc6 23.Rh2 mit deutlichem
weissem Vorteil.} 1-0

[Event "Salamanca"]
[Site "Salamanca"]
[Date "1991.??.??"]
[Round "7"]
[White "Rivas Pastor, Manuel"]
[Black "Kortschnoj, Viktor Lvovich"]
[Result "1-0"]
[WhiteElo "2450"]
[BlackElo "2615"]
[Annotator "Ribli,Z"]
[PlyCount "71"]
[EventDate "1991.04.??"]
[EventType "tourn"]
[EventRounds "11"]
[EventCountry "ESP"]
[EventCategory "10"]
[SourceTitle "CBM 023"]
[Source "ChessBase"]
[SourceDate "1991.08.01"]
[SourceVersion "1"]
[SourceVersionDate "1991.08.01"]
[SourceQuality "1"]

1. c4 e5 2. Nc3 Nc6 3. e3 Nf6 4. Nf3 Bb4 5. Qc2 Bxc3 6. Qxc3 Qe7 7. a3 d5 8.
cxd5 Nxd5 9. Qb3 Nb6 10. d3 Bg4 (10... O-O $5 11. Be2 Kh8 12. O-O f5 13. Qc2 e4
14. Ne1 a5 15. b3 a4 16. b4 Be6 $13 {Hansen,Cu-Episihin,V Groningen op 1990
CBM/22}) 11. Be2 O-O 12. h3 Bh5 13. g4 $5 Bg6 14. e4 Kh8 15. Be3 Rfd8 16. Qc2
a5 17. h4 $1 h5 18. gxh5 Bxh5 19. Ng5 Bg6 20. h5 Bh7 21. Rc1 $14 a4 22. Bg4 Ra5
23. Rg1 Rb5 24. Nxh7 Kxh7 25. Bf5+ Kh8 26. Qe2 Nd4 27. Qg4 Qf6 28. Kf1 {/\ Bg5}
Rg8 29. Bxd4 exd4 30. Rxc7 Rxb2 31. Rg3 $1 Qh6 32. Kg2 Rb1 33. Rxf7 Nc8 34. Qg6
Rb6 35. Qxh6+ Rxh6 36. Bg6 1-0

[Event "Groningen op"]
[Site "Groningen"]
[Date "1990.??.??"]
[Round "7"]
[White "Ashley, Maurice"]
[Black "Gipslis, Aivars P"]
[Result "0-1"]
[WhiteElo "2370"]
[BlackElo "2465"]
[Annotator "Ribli,Z"]
[PlyCount "72"]
[EventDate "1990.??.??"]
[EventType "swiss"]
[EventRounds "9"]
[EventCountry "NED"]
[SourceTitle "CBM 022"]
[Source "ChessBase"]
[SourceDate "1991.06.01"]
[SourceVersion "1"]
[SourceVersionDate "1991.06.01"]
[SourceQuality "1"]

1. c4 e5 2. Nc3 Nf6 3. Nf3 Nc6 4. e4 Bb4 5. d3 d6 6. g3 O-O 7. Bg2 Be6 (7...
Ne8 $2 8. O-O Bxc3 9. bxc3 f5 10. exf5 Bxf5 11. Nh4 Be6 12. Rb1 Rb8 13. f4 exf4
14. Bxf4 Qd7 15. Qa4 $14 {Cifuentes Parada-Groszpeter Novi Sad ol 1990 50/27})
(7... a6 8. O-O Bc5 9. h3 Nd4 10. Nxd4 Bxd4 11. Kh2 $13 {Landenbergue,C-Kraut,
R Zug 1989 CBM/16}) (7... h6 $5) 8. O-O Bxc3 9. bxc3 Qd7 10. Rb1 Rab8 $1 (10...
b6 11. Nh4 Rac8 12. Rb2 Ne7 13. f4 $14 {Jansson-Falk Goteborg 1975}) 11. Nh4 a6
$1 12. f4 Bg4 13. Qe1 Bh3 14. Bxh3 Qxh3 15. f5 b5 16. cxb5 Rxb5 $1 17. Rxb5
axb5 18. Nf3 h6 19. Rf2 Rd8 {/\ d5} 20. a4 bxa4 21. c4 Rb8 22. Rb2 Rb3 $1 23.
Rxb3 axb3 24. Bb2 Ng4 25. Qe2 Nb4 26. c5 Qh5 {/\ Nxh2} 27. cxd6 cxd6 28. h4 Nf6
29. Ba3 Nc2 30. Bxd6 Ne1 $1 31. Qxe1 Qxf3 32. Bxe5 Qxd3 33. Qa1 Nxe4 34. Qa7
Qd1+ 35. Kg2 Qe2+ 36. Kg1 Nd2 0-1

[Event "Escaldes zt"]
[Site "Escaldes"]
[Date "1998.11.13"]
[Round "8"]
[White "Claesen, Pieter"]
[Black "Bacrot, Etienne"]
[Result "0-1"]
[WhiteElo "2410"]
[BlackElo "2555"]
[Annotator "Ribli,Z"]
[PlyCount "46"]
[EventDate "1998.11.06"]
[EventType "swiss"]
[EventRounds "9"]
[EventCountry "AND"]
[SourceTitle "CBM 068"]
[Source "ChessBase"]
[SourceDate "1999.02.01"]
[SourceVersion "1"]
[SourceVersionDate "1999.02.01"]
[SourceQuality "1"]

1. c4 Nf6 2. Nc3 e5 3. Nf3 Nc6 4. d4 {Diese Variante ist in letzter zeit sehr
beliebt und führt zu offenem Spiel. Ribli.} exd4 5. Nxd4 Bb4 6. Bg5 h6 7. Bh4
O-O (7... Bxc3+ $5 8. bxc3 Ne5 {Diese Variante ist die prinzipielle schwarze
Fortsetzung. Er hat die bessere Bauernstruktur, aber Weiß das Läuferpaar.}) 8.
Rc1 {Weiß möchte im Fall des Falles mit dem Turm auf c3 wiedernehmen.} Re8 (
8... d5) 9. e3 (9. a3 Bc5 10. Nb3 Be7 11. e3 Ne5 12. Be2 d6 13. Nd4 c6 14. O-O
d5 15. Bxf6 Bxf6 16. cxd5 cxd5 17. Qa4 Be6 {1/2-1/2 Yanin,P-Dokuchaev,A/
RUS-Cup8 1997}) 9... g5 $5 {[#]Dieser Zug schwächt die schwarze Königsstellung,
aber die Fesselung in der Diagonalen h4-d8 war für Schwarz unangenehm und
jetzt kontrolliert er das Feld e4.} (9... Nxd4 10. Qxd4 c5 11. Qd1 g5 12. Bg3
d5 13. cxd5 Qxd5 14. Qxd5 Nxd5 15. Bb5 Rd8 16. h4 Kg7 17. hxg5 hxg5 18. e4 $1
Nxc3 19. Be5+ f6 20. Bxc3 {1-0 Zvjaginsev,V-Chernin,A/Portoroz 1997/Inf 70/
[Zvjaginsev,V] (51)}) (9... Bxc3+ 10. Rxc3 g5 11. Nxc6 bxc6 12. Bg3 Ne4 13. Rc2
Qe7 14. Bd3 d6 15. O-O c5 16. Bxe4 Qxe4 17. Rc3 Rb8 {1/2-1/2 Vokac,M-Plachetka,
J/Frenstat CZE ch(15) 1982}) 10. Bg3 Ne4 {[%csl Ge4]} 11. Nde2 $2 {Dieser Zug
ist gekünstelt. Weiß plant 12.a3 und im Falle von 12...Bxc3 13.Nxc3 Nxc3 14.
Rxc3 zu spielen. Der Nachteil des Zuges ist, daß Schwarz Zeit für seinen
Angriff bekommt.} (11. Nxc6 bxc6 12. Bd3 Bxc3+ 13. bxc3 d6 $11 {Die
Schwachungen sind beiderseitig. Weiß hat Sorgen wegen seinen schlechten
c-Doppelbauern und Schwarz eine kompromittierte Königsstellung.}) 11... Qf6 {
[%csl Gf6]} 12. a3 Ba5 {[%csl Re1]} (12... Nxc3 $6 13. Nxc3 Bxc3+ 14. Rxc3 d6
15. Be2 $14 {Weiß hat eine gesunde Stellung mit Läuferpaar.}) 13. b4 {
Konsequent. Weiß muß so spielen, sonst kann er die Entwicklung nicht beenden,
aber der Zug bietet Schwarz ausgezeichnete Angriffschancen.} Nxb4 $1 {[#]} 14.
axb4 Bxb4 $44 {[%csl Gb4,Re1,Ge4,Gf6][%cal Rb4e1] Schwarz hat zwei Bauern und
Angriff für die Figur.} 15. Qb3 a5 16. h4 (16. f3 $2 Nxc3 17. Nxc3 Rxe3+ $19)
16... d5 $1 {[#]Das Material zählt hier nicht, die schnelle Entwicklung ist
wichtiger. Schwarz befreit seinen Damenläufer.} 17. hxg5 hxg5 18. cxd5 (18. Kd1
{Der weiße König steht auf d1 auch nicht besser als auf e1.} Nxg3 19. fxg3 (19.
Nxg3 Qxf2 $17 {[%csl Rd1,Gf2][%cal Rc8g4]}) 19... Rxe3 $19 {[%csl Rd1,Ge3]
[%cal Rc8g4,Rg4d1]} 20. cxd5 (20. Nxd5 Qxf1+ 21. Rxf1 Rxb3) 20... Bg4) 18...
Bg4 $1 $17 {Schwarz entfaltet sehr starken Angriff. Er hat jetzt nur noch
einen Bauern für die geopferte Figur, greift aber mit voller Kraft an. Es
droht 19...Bxe2 nebst 20...Nxc3.} 19. f3 Nxg3 {Dieser Zug ist einfach und gut,
aber es gibt auch schon eine andere Lösung.} (19... Bxf3 20. gxf3 Qxf3 {
[%csl Re1,Ge4,Gf3][%cal Re4g3,Rf3h1]} 21. Rg1 Qxe3 {[%csl Ge3]} 22. Bf4 {
[%cal Gg1g8]} Qxg1 23. Nxg1 Nc5+ $19 {[%cal Rc5b3,Re8e1]}) 20. Nxg3 Rxe3+ {
[%csl Re1,Ge3]} 21. Nge2 (21. Kf2 Qd4 $19 {[%csl Gd4,Ge3,Rf2][%cal Rd4f2] Und
Weiß kann sich der vielseitigen Drohungen nicht erwehren.}) 21... Bf5 $1 {
[%csl Re1][%cal Gf5d3,Gb4e1,Ga8e8,Ge8e1] Der weiße König ist unter starken
Beschuß. Schwarz hat entscheidenden Angriff.} (21... Rae8 $5 22. fxg4 Bxc3+ 23.
Rxc3 Rxc3 24. Qb1 Rc5 {[%csl Rd5]} 25. Qh7+ Kf8 26. Qh8+ Ke7 27. Qxf6+ Kxf6 $19
{Und Schwarz gewinnt den d5-Bauern, wonach seine Bauern am Damenflügel die
Partie entscheiden.}) 22. Kf2 Qb6 $19 {[%csl Rf2][%cal Rb6f2]} 23. Ke1 (23. Kg3
Bd6+ $19 {[%cal Rb6b3,Rd6g3]}) (23. Na4 Rxe2+ (23... Be1+ $19 {[%cal Rb6b3]})
24. Kxe2 Re8+ $19) 23... Bxc3+ {Weiß verliert material und mußte aufgeben.
Eine gute Angriffspartie von Bacrot.} (23... Bxc3+ 24. Qxc3 (24. Rxc3 Qxb3 25.
Rxb3 Rxb3 $19) 24... Rxc3 25. Rxc3 a4 $19) 0-1

[Event "Altensteig"]
[Site "Altensteig"]
[Date "1990.??.??"]
[Round "2"]
[White "Paehtz, Thomas Sr"]
[Black "Smejkal, Jan"]
[Result "1/2-1/2"]
[WhiteElo "2445"]
[BlackElo "2545"]
[Annotator "Ribli,Z"]
[PlyCount "65"]
[EventDate "1990.07.??"]
[EventType "tourn"]
[EventRounds "11"]
[EventCountry "GER"]
[EventCategory "9"]
[SourceTitle "CBM 020"]
[Source "ChessBase"]
[SourceDate "1991.02.01"]
[SourceVersion "1"]
[SourceVersionDate "1991.02.01"]
[SourceQuality "1"]

1. c4 e5 2. Nc3 Nf6 3. Nf3 Nc6 4. e3 Be7 5. a3 O-O 6. Qc2 d6 7. Be2 Re8 8. d3 (
8. O-O Bg4 9. d3 a5 10. h3 Bf5 11. Rb1 Bf8 {Lukin,A-Khalifman,A Leningrad 1989
CBM/14}) 8... Bf8 9. b4 Bf5 10. b5 Nb8 11. h3 Nbd7 12. g4 Bg6 13. Nh4 Nc5 14.
Nxg6 hxg6 15. Bb2 c6 16. bxc6 bxc6 17. O-O d5 18. Bf3 Rc8 19. Bg2 dxc4 20. dxc4
Nh7 21. Rad1 Qh4 22. f4 exf4 23. exf4 Ne6 24. Ne4 g5 $1 25. fxg5 Nhxg5 26. Nxg5
Nxg5 27. Qf2 Qxf2+ 28. Kxf2 Ne4+ 29. Kg1 Rb8 30. Bd4 Bxa3 31. Bxa7 Rb7 32. Rfe1
Rxa7 33. Rxe4 1/2-1/2

[Event "Terrassa"]
[Site "Terrassa"]
[Date "1991.??.??"]
[Round "1"]
[White "Ehlvest, Jaan"]
[Black "Adams, Michael"]
[Result "0-1"]
[WhiteElo "2650"]
[BlackElo "2600"]
[Annotator "Ribli,Z"]
[PlyCount "110"]
[EventDate "1991.05.??"]
[EventType "tourn"]
[EventRounds "9"]
[EventCountry "ESP"]
[EventCategory "12"]
[SourceTitle "CBM 024"]
[Source "ChessBase"]
[SourceDate "1991.10.01"]
[SourceVersion "1"]
[SourceVersionDate "1991.10.01"]
[SourceQuality "1"]

1. c4 Nf6 2. Nc3 e5 3. Nf3 Nc6 4. e4 Bb4 5. d3 O-O 6. g3 d6 7. Bg2 Bg4 $5 (7...
Be6 8. O-O Bxc3 9. bxc3 Qd7 10. Rb1 Rab8 11. Nh4 a6 12. f4 Bg4 $13 {Ashley,
M-Gipslis,A Groningen op 1990 CBM/22}) 8. h3 Bxf3 9. Bxf3 Nd4 10. Bg2 a5 11.
O-O Bc5 12. Rb1 c6 13. a3 b5 14. b4 axb4 15. axb4 Bb6 16. Kh1 Nd7 17. f4 exf4
18. gxf4 Rc8 19. Bb2 Qe7 20. cxb5 Nxb5 21. Ne2 Qh4 22. Rf3 Rfe8 23. Rg3 g6 24.
f5 Bd8 25. Qb3 d5 26. Rf1 Nd6 27. Rg4 Qh6 28. Ng3 Ne5 29. Bxe5 Rxe5 30. d4 Re8
31. fxg6 hxg6 32. Qf3 Rc7 33. e5 Nc4 34. Nf5 Qh5 35. Qf4 Kh7 36. Ng3 Qh6 37. b5
Ne3 $1 38. bxc6 Re6 $1 39. Qxh6+ Kxh6 40. Rgf4 Rexc6 41. R1f3 Rc1+ 42. Nf1 Nf5
43. Rd3 Bg5 44. Rf2 Bh4 45. Rfd2 Ng3+ 46. Kg1 Re1 47. Rd1 Rc1 48. Rxe1 Rxe1 49.
Rf3 Kg7 50. Kh2 Ne2 51. Rd3 Bf2 52. Bf3 Bg1+ 53. Kh1 Nf4 54. Rd1 Rxd1 55. Bxd1
Bxd4 0-1

[Event "Groningen op"]
[Site "Groningen"]
[Date "1990.??.??"]
[Round "9"]
[White "Hansen, Curt"]
[Black "Epishin, Vladimir"]
[Result "1/2-1/2"]
[WhiteElo "2560"]
[BlackElo "2590"]
[Annotator "Ribli,Z"]
[PlyCount "41"]
[EventDate "1990.??.??"]
[EventType "swiss"]
[EventRounds "9"]
[EventCountry "NED"]
[SourceTitle "CBM 022"]
[Source "ChessBase"]
[SourceDate "1991.06.01"]
[SourceVersion "1"]
[SourceVersionDate "1991.06.01"]
[SourceQuality "1"]

1. c4 Nf6 2. Nc3 e5 3. Nf3 Nc6 4. e3 Bb4 5. Qc2 Bxc3 6. Qxc3 Qe7 7. a3 d5 8.
cxd5 (8. d4 exd4 9. Nxd4 Nxd4 10. Qxd4 c5 11. Qh4 dxc4 12. Bxc4 O-O 13. O-O Be6
$10 {Lukin,A-Epischin,V URS-sf Daugavpils 1989 CBM/16}) 8... Nxd5 9. Qb3 Nb6
10. d3 O-O 11. Be2 Kh8 12. O-O f5 13. Qc2 e4 14. Ne1 (14. Nd2 $5) 14... a5 15.
b3 a4 16. b4 Be6 17. Bd2 Bb3 18. Qb2 exd3 19. Nxd3 Nc4 20. Qc1 Nd4 21. Bd1
1/2-1/2

[Event "Lazne Bohdanec"]
[Site "Lazne Bohdanec"]
[Date "1997.??.??"]
[Round "10"]
[White "Vokac, Marek"]
[Black "Keitlinghaus, Ludger"]
[Result "0-1"]
[WhiteElo "2485"]
[BlackElo "2515"]
[Annotator "Ribli,Z"]
[PlyCount "119"]
[EventDate "1997.01.??"]
[EventType "tourn"]
[EventRounds "11"]
[EventCountry "CZE"]
[EventCategory "9"]
[SourceTitle "CBM 057"]
[Source "ChessBase"]
[SourceDate "1997.04.01"]
[SourceVersion "1"]
[SourceVersionDate "1997.04.01"]
[SourceQuality "1"]

1. c4 Nf6 2. Nc3 e5 3. Nf3 Nc6 4. e3 Bb4 5. Qc2 Bxc3 {Weiß hat das Läuferpaar
und gute Zukunftsperspektiven, aber die Zeit ist auch ein wichtiger Faktor,
und wenn Schwarz schnell d7-d5 spielt, muß Weiß nach cxd5 Nxd5 schon den
dritten Damenzug in der Eröffnung machen. Ribli.} 6. Qxc3 Qe7 7. a3 d5 $5 (7...
a5 $5) 8. d4 (8. cxd5 Nxd5 9. Qb3 Nb6 10. d3 a5 11. Bd2 a4 $11 {Xu
Jun-Hjartarson/Luzern WchT/1993/}) 8... Nxd4 9. Nxd4 Ne4 $6 $146 {[#] In
unserer Partie ist Schwarz mit diesem Zug erfolgreich, aber trotzdem glaube
ich, daß 9...exd4 besser ist als die Partiefortsetzung. Ribli.} (9... exd4 10.
Qxd4 c5 11. Qh4 dxc4 12. Bxc4 O-O 13. Bd2 Be6 $11 {Leontiev-Yakovich/Moscow-ch/
1996/}) 10. Qd3 $2 (10. Qc2 $1 exd4 11. cxd5 dxe3 12. Bxe3 {Das ist die
kritische Variante. Es ist die Frage, ob der Pd5 schwach oder stark ist. Aber
ich glaube, daß Weiß keineswegs schlechter steht und da er noch dazu einen
Raumvorteil und das Läuferpaar hat, kann man sagen, daß seine Stellung
vorteilhaft ist. Ribli.}) 10... Nc5 11. Qd1 (11. Qe2 exd4 $1 (11... dxc4 $5 12.
Qxc4 exd4 13. Qxd4 (13. b4 $2 dxe3) 13... Nb3 $2 14. Qa4+) 12. exd4 (12. cxd5
Nb3 $2 (12... O-O 13. exd4 Qxe2+ 14. Bxe2 Nb3 15. Rb1 Bf5 $19) 13. Qb5+ $18) (
12. b4 Nb3 13. Rb1 dxc4 14. Qxc4 Be6 15. Qb5+ c6) 12... Qxe2+ 13. Bxe2 Nb3 14.
Rb1 Bf5 $19) 11... exd4 12. b4 (12. Qxd4 Nb3 13. Qxg7 Rf8 14. Rb1 Bf5) 12...
dxe3 13. Bxe3 Ne4 14. Qxd5 (14. cxd5 O-O $15 {Schwarz hat seine Entwicklung
beendet, und jetzt ist der Pd5 eher schwach. Ribli.}) {[#]} 14... Nxf2 $1 {
Dieser einfache und schöne Zug gewinnt die Partie für Schwarz.Ribli.} 15. Kxf2
Qf6+ $19 16. Qf3 Qxa1 17. Bc5 Qf6 18. Qxf6 {Ich glaube, daß Weiß statt diesen
Zug auszuführen, ruhig aufgeben und sich die restlichen Züge ersparen konnte.
Es gibt keine Alternative zum Damentausch. Das bedeutet, daß Weiß praktisch
schon nach seinem unglücklichen 10.Zug verloren war ! Ribli.} gxf6 19. Bd4 Bf5
20. Be2 (20. Bxf6 O-O $19) 20... O-O 21. Bxf6 Rfe8 {Weiß hat keine
Kompensation für die Qualität. Ribli.} 22. g4 Re6 23. g5 Rae8 24. Bd1 Re3 25.
Bb2 R3e4 26. c5 Bg4 27. Bxg4 Rxg4 28. Bc1 Rge4 29. Rd1 Re2+ 30. Kf3 Re1 31.
Rxe1 Rxe1 32. Bf4 c6 33. a4 Rb1 34. Bd2 Kg7 35. Ke4 Kg6 36. a5 a6 37. h4 Rd1 $6
(37... Rh1 $5 38. Ke5 Rxh4 39. Kd6 Rd4+ $19) 38. Bc3 Kh5 39. Bf6 Rb1 (39...
Kxh4 $4 40. g6+ Kh5 41. gxf7 $18) 40. Ke5 Rd1 {Schwarz gibt Weiß keine
Gegenchancen und läßt den weißen König nicht an den Damenflügel. Ribli.} (40...
Rxb4 41. Kd6 Rxh4 $19) 41. Be7 Kg6 42. Bf6 h5 $1 43. Be7 Kg7 44. Bf6+ Kf8 45.
Kf5 Ke8 46. Be5 Rf1+ 47. Bf4 Ke7 48. Ke5 Rf3 49. Kf5 Rf2 50. Ke5 Rb2 51. g6 {
Statt dessen wäre es viel eleganter gewesen, aufzugeben. Ribli.} fxg6 52. Bg5+
Ke8 53. Kf6 Rxb4 54. Kxg6 Rb5 55. Kxh5 Kf7 $1 {Natürlich gewinnt alles, aber
dieser Zug gibt Weiß keine Chance ! Ribli.} 56. Be3 Rxa5 57. Kh6 Ra3 58. Bd2 a5
59. h5 a4 60. Kh7 {Und endlich gab Weiß seine (seit ungefähr 45 Zügen)
verlorene Stellung auf. Ribli.} 0-1